000 00430nam a22001697a 4500
003 SGT
020 _a988131254950
082 _a616.07
_bR18G
100 _aGOLDBLUM, JOHN R.
245 _aROSAI & ACKERMAN'S SURGICAL PATHOLOGY 2 VOLUME SET
250 _a1ST S.A.
260 _aINDIA
_bELSEVIER PUB
_c2018
300 _a933,2142
650 _aPATHOLOGY
653 _aROSAI & ACKERMAN'S SURGICAL PATHOLOGY
942 _2ddc
_cBK
999 _c23202
_d23202